| 000 | 01027nam a22003137a 4500 | ||
|---|---|---|---|
| 001 | 9315 | ||
| 003 | FISKH | ||
| 005 | 20251210100003.0 | ||
| 008 | 251210b cb ||||| |||| 00| 0 eng d | ||
| 020 | _a9780545105064 | ||
| 040 |
_aFISKH _beng _cFISKH _dFISKH |
||
| 050 | _aQL668.E2 B47 | ||
| 082 | _a597.89 | ||
| 100 | _aBishop , Nic | ||
| 245 |
_aFrogs / _cBy Nic Bishop |
||
| 250 | _aFirst Scholastic paperback printing , October 2008 | ||
| 260 |
_aNew York : _bScholastic , _c2008 . |
||
| 300 |
_a48 pages : _bcolor illustrations ; _c29 cm . |
||
| 490 | _a Ready-to-go classroom library | ||
| 505 | _aZ | ||
| 520 | _aNic Bishop's photographs show all different kinds of frogs, big ones, very tiny ones, frogs with beautiful colors of skin, and one frog you can see inside of. | ||
| 521 | 8 |
_a890
_bLexile |
|
| 521 | 8 |
_aZ
_bRaz-Plus |
|
| 650 |
_aAmphibians _vNon-fiction |
||
| 650 |
_aLife cycle _vNon-fiction |
||
| 700 |
_aSabato , Nancy _eBook designer |
||
| 942 |
_2ddc _cBK _n0 |
||
| 999 |
_c9315 _d9315 |
||